000 00427pab a2200145 454500
008 180718b2001 xxu||||| |||| 00| 0 eng d
100 _aBrunk, Gregory G.
245 _aSelf-organized criticality: a new theory of political behaviour and some of its implications
260 _c2001
300 _ap.427-45
362 _aApr
650 _aPolitical behaviour
773 _aBritish Journal of Political Science
909 _a49155
999 _c49155
_d49155